| 000 | 04056nam0a2200445 4500 | ||
|---|---|---|---|
| 001 | RU\NLR\BIBL_A\012912639 | ||
| 005 | 20250718121112.0 | ||
| 010 |
_a978-5-6047602-4-6 _9150 |
||
| 021 |
_aRU _bКН-П-22-059348 _9КН-П-22-5146 |
||
| 035 | _a(NLR Aleph) 012912639 | ||
| 035 | _a(RuMoRGB)011197987 | ||
| 090 |
_a12619063 _c12619063 |
||
| 100 | _a20221018d2021 u y0rusy50 ca | ||
| 101 | 0 | _arus | |
| 102 | _aRU | ||
| 105 | _ay z 000zy | ||
| 181 | 0 |
_ai _baxxe |
|
| 182 | 0 | _an | |
| 200 | 1 |
_aЭффективные практики создания и продвижения виртуальных культурно-образовательных программ _eметодическое пособие по дополнительной профессиональной образовательной программе повышения квалификации в рамках Национального проекта "Культура" Федерального проекта "Творческие люди" _fМинистерство культуры Российской Федерации, Федеральное государственное бюджетное образовательное учреждение высшего образования "Казанский государственный институт культуры" _gсоставители: Р. Ф. Салахов [и др.] |
|
| 203 |
_aТекст _bвизуальный _cнепосредственный |
||
| 210 |
_aКазань _cСагиев А. Р. _d2021 |
||
| 215 |
_a61 с. _d21 |
||
| 225 | 1 | _aНациональные проекты России | |
| 225 | 1 | _aГод науки и технологий '21 | |
| 320 | _aБиблиогр.: с. 58-61 | ||
| 330 | _aКурс посвящен современным тенденциям создания и продвижения виртуальных культурно-образовательных программ. В пособии рассмотрены виды культурно-образовательных программ и их нормативно-правовое обеспечение, представлен анализ лучших российских и зарубежных практик культурно-образовательных программ, всесторонне раскрыты технологии разработки культурно-образовательных программ, продвижения молодежных проектов. Материалы методического пособия предназначены для сотрудников и руководителей учреждений культуры, работников образовательных организаций, специалистов по работе с молодежью, сотрудников и специалистов музеев, могут использоваться в учебном процессе образовательных учреждений культуры | ||
| 606 | 1 |
_aМузеи _xУчебные программы _92424290 _3RU\NLR\AUTH\6601661975 |
|
| 606 | 1 |
_aМузеи _xОрганизация работы _92538130 _3RU\NLR\AUTH\6601716441 |
|
| 675 |
_a374.7:004(075.9) _v4 |
||
| 686 | 1 |
_aЧ30в2 _bЧ77 |
|
| 686 | 1 | _aЧ771 | |
| 702 | 1 |
_aСалахов _bР. Ф. _gРасых Фарукович _4220 |
|
| 711 | 0 | 2 |
_a"Творческие люди", федеральный проект _cРоссийская Федерация _9742440 _3RU\NLR\AUTH\880539367 |
| 711 | 0 | 2 |
_a"Культура", приоритетный национальный проект _cРоссийская Федерация _9673990 _3RU\NLR\AUTH\880506972 |
| 712 | 0 | 2 |
_4475 _aКазанский государственный институт культуры _9348523 _3RU\NLR\AUTH\8810231759 |
| 942 | _cBOOK | ||
| 980 | _aNB | ||